[Event "Poti Aleksandria Cup-B 8th"]
[Site "Poti"]
[Date "2013.07.19"]
[Round "8"]
[White "Fauzi, Akram"]
[Black "Tskhadadze, Giorgi"]
[Result "1/2-1/2"]
[WhiteElo "1920"]
[BlackElo "1825"]
[PlyCount "96"]
[EventDate "2013.07.13"]
[EventType "swiss"]
[EventRounds "9"]
[EventCountry "GEO"]
[SourceTitle "EXT 2014"]
[Source "ChessBase"]
[SourceDate "2013.11.20"]
[SourceVersion "1"]
[SourceVersionDate "2013.11.20"]
[SourceQuality "1"]

1. e4 c5 2. Nf3 Nc6 3. d4 cxd4 4. Nxd4 Nf6 5. Nc3 d6 6. f3 e6 7. Be3 a6 8. Qd2 Qc7 9. 0-0-0 Be7 10. g4 b5 11. g5 Nd7 12. Nxc6 Qxc6 13. Kb1 Ne5 14. Qf2 Nc4 15. Bc1 Bb7 16. Bd3 Rc8 17. f4 Qb6 18. Qg3 b4 19. Ne2 d5 20. exd5 Bxd5 21. Rhe1 Bc5 22. Qh3 Bf2 23. Rf1 Ne3 24. Bxe3 Qxe3 25. Qxe3 Bxe3 26. Bxa6 Ra8 27. Bb5+ Kf8 28. Rxd5 exd5 29. Bc6 Rd8 30. Rd1 h6 31. g6 d4 32. f5 fxg6 33. fxg6 Rd6 34. Be4 Ke7 35. Ng3 Re6 36. Bd3 Rf8 37. Nf5+ Kf6 38. Rf1 Bf2 39. Nxd4 Re1+ 40. Rxe1 Bxe1 41. Ne2 Ke5 42. Kc1 Rf1 43. Ng3 Bxg3+ 44. Bxf1 Bxh2 45. Kd2 Kd4 46. Bd3 Bf4+ 47. Ke2 Bc1 48. b3 Kc3 1/2-1/2

[Event "Poti Aleksandria Cup 7th"]
[Site "Poti"]
[Date "2012.07.14"]
[Round "1"]
[White "Mammadov, Zaur Fazahir Oglu"]
[Black "Tskhadadze, Giorgi"]
[Result "1-0"]
[WhiteElo "2426"]
[BlackElo "1777"]
[PlyCount "93"]
[EventDate "2012.07.14"]
[EventType "swiss"]
[EventRounds "9"]
[EventCountry "GEO"]
[SourceTitle "CBM 149 Extra"]
[Source "ChessBase"]
[SourceDate "2012.08.24"]
[SourceVersion "1"]
[SourceVersionDate "2012.08.24"]
[SourceQuality "1"]

1. e4 c5 2. c3 Nf6 3. e5 Nd5 4. Nf3 Nc6 5. Bc4 Nb6 6. Bb3 Qc7 7. Qe2 e6 8. 0-0 d6 9. d4 cxd4 10. cxd4 Be7 11. Nc3 0-0 12. Nb5 Qd8 13. Bc2 Nd5 14. Qd3 g6 15. exd6 Bxd6 16. Nxd6 Qxd6 17. Bh6 Rd8 18. Bb3 Bd7 19. Rfe1 Rac8 20. Ne5 Be8 21. Bg5 f6 22. Nc4 Qf8 23. Bh4 Bf7 24. Rad1 Nce7 25. Nd2 g5 26. Bg3 Bh5 27. f3 Bg6 28. Qe2 Rc6 29. Rc1 Rdc8 30. Rxc6 Rxc6 31. Ne4 Nf5 32. Bf2 Qc8 33. Nc5 Bf7 34. Ba4 Rd6 35. Qd2 b6 36. Ne4 Rd8 37. Nxf6+ Nxf6 38. Qxg5+ Ng7 39. Qxf6 Rd5 40. Bb3 Rf5 41. Qe7 Qc6 42. Qxa7 Rg5 43. d5 exd5 44. Qxb6 Qxb6 45. Bxb6 Ne6 46. g3 Kg7 47. a4 1-0